000 00785cam a2200217 4500
008 090401t1996 xxu||||| |||| 00| 0 eng d
020 _a1859780296
035 _a(Sirsi) u38802
041 _aeng
050 _a347.4109
100 _aThomas, D. Rhidian
245 _aDefault powers of arbitrators : an analysis of the law and practice relating to the default powers of arbitrators.
260 _aLondon
_bLLP Limited
_c1996
300 _axxii,174p. ; 24cm.
350 _a95
650 _aMANAGEMENT-DISPUTE AVOIDANCE, MANAGEMENT AND RESOLUTION-DISPUTE MANAGEMENT AND RESOLUTION-ARBITRATION
650 _aDEFAULT POWERS
690 _aMANAGEMENT-DISPUTE AVOIDANCE, MANAGEMENT AND RESOLUTION-DISPUTE MANAGEMENT AND RESOLUTION-ARBITRATION
942 _n0
948 _c04/03/1997
999 _c90710
_d90710